Расширяющиеся составы на основе портландцемента (химия и технология)

Podrobná bibliografie
Hlavní autor: Мчедлов-Петросян О. П. Отар Петрович
Další autoři: Филатов Л. Г. Лев Григорьевич
Shrnutí:Исключено из фонда НТБ ТПУ
Jazyk:ruština
Vydáno: Москва, Стройиздат, 1965
Médium: MixedMaterials Kniha
KOHA link:https://koha.lib.tpu.ru/cgi-bin/koha/opac-detail.pl?biblionumber=142406

MARC

LEADER 00000nam0a2200000 4500
001 142406
005 20231031142736.0
035 |a (RuTPU)RU\TPU\book\154331 
090 |a 142406 
100 |a 20080905d1965 m y0rusy50 ca 
101 0 |a rus 
102 |a RU 
105 |a a z 001zy 
200 1 |a Расширяющиеся составы на основе портландцемента (химия и технология)  |f О. П. Мчедлов-Петросян, Л. Г. Филатов 
210 |a Москва  |c Стройиздат  |d 1965 
215 |a 139 с.  |c ил. 
320 |a Библиогр.: с. 123-137. 
333 |a Исключено из фонда НТБ ТПУ 
675 |a 666.942  |v 3 
700 1 |a Мчедлов-Петросян  |b О. П.  |g Отар Петрович 
701 1 |a Филатов  |b Л. Г.  |g Лев Григорьевич 
801 1 |a RU  |b 63413507  |c 20080905  |g PSBO 
801 2 |a RU  |b 63413507  |c 20220412  |g PSBO 
942 |c BK